000 01917cam a2200373 i 4500
001 GVRL514Z
003 MiFhGG
005 20250819155648.0
006 m o d
007 cr un ---uuuua
008 220608t20212021nyua o 000 0 eng d
020 _a9781646933686
_q(electronic book)
035 _a(OCoLC)1329273354
040 _aMiFhGG
_beng
_cMiFhGG
_erda
_epn
050 4 _aHF5828.4
_b.A38 2021
245 0 0 _aAdvertising.
250 _aThird edition.
264 1 _aNew York, New York :
_bFerguson,
_c[2021]
264 4 _c©2021
300 _a1 online resource (421 pages) :
_bcolor illustrations.
336 _atext
_btxt
_2rdacontent
337 _acomputer
_bc
_2rdamedia
338 _aonline resource
_bcr
_2rdacarrier
490 1 _aFerguson's careers in focus
490 0 _aGale eBooks
505 0 _aAdvertising account executives -- Advertising managers -- Advertising workers -- Art directors -- Business managers -- Copywriters -- Demographers -- Desktop publishing specialists -- Digital advertising workers -- Digital designers -- Fashion photographers -- Food photographers -- Graphic designers -- Illustrators -- Internet marketing and advertising consultants -- Market research analysts -- Marketing consultants -- Marketing managers -- Media planners and buyers -- Media relations specialists -- Public opinion researchers -- Search engine optimization specialists -- Social media influencers -- Songwriters -- Statisticians -- Telemarketers.
520 _aProfiles jobs in Advertising such as advertising account executives, advertising managers, art directors, models, photo stylists, and more.
650 0 _aAdvertising
_xVocational guidance.
710 2 _aGale (Firm)
830 0 _aCareers in focus.
856 4 0 _uhttps://link.gale.com/apps/pub/514Z/GVRL?sid=gale_marc&u=phurs
_zAvailable via Gale eBooks. Click here to access
912 _a514Z
942 _2lcc
_cE-BOOK
999 _c84184
_d84182